000 00705nam a2200229 i 4500
003 DO-SdBNP
005 20240916142931.0
007 ta
008 240916b1969 dr ||||| |||| 00| 0 spa d
040 _aDO-SdBNP
_bspa
_cBNPHU
_erda
082 4 _222
100 1 _aMalagon, Alberto,
_eautor
_4aut.
_948
245 1 0 _aCómo hablar y escribier bien :
_btécnicas de comunicación humana /
_cAlberto Malagón
264 4 _aSanto Domingo :
_bEditora Arte y Ciencia,
_c1969.
300 _a2001 páginas ;
_c28 cm.
336 _atexto
_btxt
_2rdacontent
337 _asin mediación
_bn
_2rdamedia
338 _avolumen
_bnc
_2rdacarrier
590 _aInventariado, 2024/BT
910 _aBtavárez
942 _2ddc
_cLBS1
999 _c57695
_d57695